| 000 | 00000nam##2200000za#4500 |
| 001 | 9.580761 |
| 003 | CaOODSP |
| 005 | 20210624191208 |
| 007 | cr ||||||||||| |
| 008 | 150406|2014||||xxc|||||o f|0| 0 eng|d |
| 020 | |a978-1-100-25021-2 |
| 022 | |a1488-5379 |
| 040 | |aCaOODSP|beng |
| 043 | |an-cn--- |
| 086 | 1 |aFs97-6/3107E-PDF |
| 110 | 1 |aCanada. |bDepartment of Fisheries and Oceans. |
| 245 | 10|aEcologically and biologically significant areas in the Atlantic coastal region of Nova Scotia / |h[electronic resource]|cby K. Hastings, M. King, and K. Allard. |
| 260 | |aDartmouth - Nova Scotia : |bFisheries and Oceans Canada |c2014. |
| 300 | |a186p.|bmaps, references, tables |
| 490 | 1 |aCanadian technical report of fisheries and aquatic sciences|x1488-5379|v3107 |
| 546 | |a(Résumé en français) |
| 590 | |a15-04|b2015-01-23 |
| 830 | #0|aCanadian technical report of fisheries and aquatic sciences,|x1488-5379|v3107|w(CaOODSP)9.504449 |
| 856 | 40|ahttp://publications.gc.ca|qPDF|s7.57 MB|uhttps://publications.gc.ca/collections/collection_2015/mpo-dfo/Fs97-6-3107-eng.pdf|y3107 |